Personnages de Fiction Par Images - Statistiques

Statistiques générales
  • Ce quiz a été pris 366 fois
  • Le résultat moyen est 8 sur 20
Statistiques - réponses
Par images Réponse % Correct
Gollum
93%
Dobby
83%
Samsam
72%
Eren Jäger
69%
Trevor Philips
55%
Padmé Amidala
50%
Rick Grimes
47%
Saul Goodman
42%
Vito Corleone
39%
Theodore Bagwell / T-Bag
38%
Marseille
32%
Bouba
30%
Deoxys
29%
Jim Hopper
29%
Alex Hunter
28%
Gustavo Fring
23%
Björn
22%
Shane Walsh
21%
Wilfried Tuche / Tuche Daddy
20%
Jonesy
18%
Aucun quiz correspondant
Distribution des résultats
% des personnes avec chaque résultat
Percentile par nombre de réponses
Votre historique - résultats
Vous n’avez pas pris ce quiz